Conflicts between multinational corporations and less developed countries : the case of bauxite mining in the Caribbean with special reference to Guyana /

Guardat en:
Dades bibliogràfiques
Autor principal: Persaud, Thakoor
Format: Llibre
Idioma:English
Publicat: New York : Arno Press, 1980.
Col·lecció:Multinational corporations
Matèries:
LEADER 01340nam a2200313 i 4500
001 c000045710
003 CARM
005 00000000000000.0
008 800617s1980 nyua b 00010 eng
019 1 |a 1750729  |5 LACONCORD2021 
020 |a 0405133782 
035 |a (OCoLC)6486485  |5 LACONCORD2021 
043 |a cc-----  |a s-gy---  |a d------ 
050 0 0 |a HD9539.A63  |b C56 1980 
100 1 |a Persaud, Thakoor. 
245 1 0 |a Conflicts between multinational corporations and less developed countries :  |b the case of bauxite mining in the Caribbean with special reference to Guyana /  |c Thakoor Persaud. 
260 |a New York :  |b Arno Press,  |c 1980. 
300 |a 270 p. :  |b ill. ;  |c 24 cm. 
440 0 |a Multinational corporations 
500 |a Originally presented as the author's thesis, Texas Tech University, 1976. 
504 |a Bibliography: p. 256-270. 
650 0 |a Aluminum industry and trade  |z Caribbean area. 
650 0 |a Aluminum industry and trade  |z Guyana. 
650 0 |a Bauxite  |z Caribbean area. 
650 0 |a International business enterprises  |z Developing countries. 
852 8 |b CARM  |h A2:AE33E0  |i C00132  |p 0007449  |f BK 
082 0 4 |a 338.8/88729 
999 f f |i e85df8bb-dac0-5aaa-9ac7-642f12cdd970  |s 697c16d0-bf16-5e4f-adea-aa559cb94b5f 
952 f f |p Can circulate  |a CAVAL  |b CAVAL  |c CAVAL  |d CARM 1 Store  |e C00132  |f A2:AE33E0  |h Other scheme  |i book  |m 0007449